000
00340nam a2200133Ia 4500
008
240624s9999 xx 000 0 und d
041
_a
eng
082
_a
337 SAW
100
_a
SAWYER W CHARLES
245
_a
INTERNATIONAL ECONOMICS
260
_c
2004
_a
New Delhi
_b
Prentice-Hall of India
300
_a
xix, : 444 : p. : cm ; 26
365
_c
RS
999
_c
3427
_d
3427